[Event "GER-chT U14 Girls"]
[Site "Magdeburg"]
[Date "2014.06.28"]
[Round "6.2"]
[White "Schilay, Eva"]
[Black "Wettach, Imke Eileen"]
[Result "0-1"]
[WhiteElo "1232"]
[BlackElo "800"]
[PlyCount "60"]
[EventDate "2013.12.27"]
[EventType "team-swiss"]
[EventRounds "4"]
[EventCountry "GER"]
[SourceTitle "EXT 2022"]
[Source "ChessBase"]
[SourceDate "2021.10.06"]
[SourceVersion "1"]
[SourceVersionDate "2021.10.06"]
[SourceQuality "1"]
[WhiteTeam "Neumarkt"]
[BlackTeam "Bebenhausen"]
[WhiteTeamCountry "GER"]
[BlackTeamCountry "GER"]

1. e4 c5 2. Nc3 Nc6 3. d3 g6 4. g3 Bg7 5. Bg2 Nf6 6. Be3 d6 7. h3 Bd7 8. Qd2 Qc7 9. Bg5 h6 10. Be3 0-0-0 11. 0-0-0 Be6 12. f4 Qa5 13. a3 Nd7 14. Nge2 Nb4 15. Kb1 Nc6 16. Rhf1 f5 17. exf5 gxf5 18. Bxc6 bxc6 19. Rfe1 Nb6 20. d4 Nc4 21. Qc1 Kc7 22. dxc5 dxc5 23. Rxd8 Rxd8 24. Rd1 Rb8 25. b3 Nxa3+ 26. Kb2 Nc4+ 27. Kb1 Bxc3 28. Nxc3 Qxc3 29. Bd2 Nxd2+ 30. Rxd2 c4 0-1

[Event "GER-chT U14 Girls"]
[Site "Magdeburg"]
[Date "2013.12.28"]
[Round "4.2"]
[White "Wagner, Lena"]
[Black "Wettach, Imke Eileen"]
[Result "1-0"]
[WhiteElo "883"]
[BlackElo "800"]
[PlyCount "85"]
[EventDate "2013.12.27"]
[EventType "team-swiss"]
[EventRounds "4"]
[EventCountry "GER"]
[SourceTitle "EXT 2015"]
[Source "ChessBase"]
[SourceDate "2014.11.20"]
[SourceVersion "1"]
[SourceVersionDate "2014.11.20"]
[SourceQuality "1"]
[WhiteTeam "Endingen"]
[BlackTeam "Bebenhausen"]
[WhiteTeamCountry "GER"]
[BlackTeamCountry "GER"]

1. e4 e5 2. Nf3 Nc6 3. c3 Nf6 4. d4 Bd6 5. d5 Ne7 6. c4 Bc5 7. Bd3 d6 8. h3 Bd7 9. Nc3 c6 10. Na4 Bb4+ 11. Bd2 Bxd2+ 12. Qxd2 cxd5 13. Nc3 d4 14. Nd5 Nexd5 15. cxd5 Qb6 16. Rc1 0-0 17. Rc4 Bb5 18. Rb4 a6 19. 0-0 Rac8 20. Qe2 Rc5 21. Nh4 Rfc8 22. Qf3 Qd8 23. Nf5 Bxd3 24. Qg3 g6 25. Nh6+ Kg7 26. Nf5+ Kg8 27. Nh6+ Kg7 28. Nf5+ Kg8 29. Rxb7 Bxf1 30. Nh6+ Kg7 31. Qg5 Bd3 32. Rxf7+ Kh8 33. Rxf6 Bxe4 34. Nf7+ Kg8 35. Nxd8 Rxd8 36. Re6 Rf8 37. Rxd6 Rc7 38. Qxe5 Rc1+ 39. Kh2 Re1 40. Qe6+ Kh8 41. Rd7 d3 42. Qe5+ Kg8 43. Qg7# 1-0

[Event "GER-chT U14 Girls"]
[Site "Magdeburg"]
[Date "2013.12.27"]
[Round "1.2"]
[White "Wettach, Imke Eileen"]
[Black "Fuchs, Joline"]
[Result "0-1"]
[WhiteElo "800"]
[BlackElo "1175"]
[PlyCount "154"]
[EventDate "2013.12.27"]
[EventType "team-swiss"]
[EventRounds "4"]
[EventCountry "GER"]
[SourceTitle "EXT 2015"]
[Source "ChessBase"]
[SourceDate "2014.11.20"]
[SourceVersion "1"]
[SourceVersionDate "2014.11.20"]
[SourceQuality "1"]
[WhiteTeam "Bebenhausen"]
[BlackTeam "Chemnitz"]
[WhiteTeamCountry "GER"]
[BlackTeamCountry "GER"]

1. e4 e5 2. Nf3 Nc6 3. Bb5 d6 4. 0-0 Bd7 5. d3 Nf6 6. Nc3 Be7 7. Be3 0-0 8. Qd2 Ng4 9. Rfe1 a6 10. Ba4 Nxe3 11. Qxe3 Qe8 12. Nd5 Bd8 13. Rad1 h6 14. h3 Ne7 15. Nxe7+ Bxe7 16. Bxd7 Qxd7 17. d4 f6 18. dxe5 Qe6 19. exd6 Bxd6 20. b3 Rad8 21. Rd3 Rd7 22. e5 fxe5 23. Nxe5 Re7 24. Nc4 Qxe3 25. Rdxe3 Ref7 26. R1e2 Bc5 27. Rf3 Rxf3 28. gxf3 Rxf3 29. Kg2 Rf6 30. f3 Rg6+ 31. Kh2 Rf6 32. Ne5 Bd6 33. Kg3 Rf5 34. f4 h5 35. a4 g5 36. Ng6 gxf4+ 37. Kf3 Kg7 38. Nh4 Rg5 39. Rg2 Rxg2 40. Nxg2 b5 41. axb5 axb5 42. Nxf4 Bxf4 43. Kxf4 Kg6 44. h4 Kf6 45. b4 Kg6 46. c3 Kf6 47. Ke4 Ke6 48. Kf4 Kf6 49. Kf3 Kf5 50. Kg3 Ke4 51. Kh3 Kf4 52. Kh2 Kg4 53. Kg2 Kxh4 54. Kf3 Kh3 55. Kf4 h4 56. Kg5 Kg3 57. Kh5 h3 58. Kg5 h2 59. Kf5 h1Q 60. Ke5 Qd1 61. Ke4 Kf2 62. Ke5 Ke1 63. Ke4 Qd2 64. Kf3 Qe2+ 65. Kf4 Kd2 66. Kf5 Kxc3 67. Kf4 Kd3 68. Kf5 Kd4 69. Kf4 Qe4+ 70. Kg3 Qf5 71. Kg2 Ke3 72. Kg3 Qf3+ 73. Kh4 Qg2 74. Kh5 Kf4 75. Kh6 Kf5 76. Kh7 Kf6 77. Kh6 Qg6# 0-1